| 000 | 01561cam a2200253 4500 | ||
|---|---|---|---|
| 001 | ABS64264 | ||
| 008 | 010806n2001 000 0 eng u | ||
| 035 | _a(Sirsi) u113969 | ||
| 245 | _aCarbon trading | ||
| 260 | _c2001 | ||
| 490 |
_aConstructing the Future _v(9) Spring 2001, 7-8(2) |
||
| 520 | _aDescribes government's draft Climate Change Programme that sets out policies to reduce greenhouse gas emissions from business and other sectors. A key element of this policy will an emissions trading scheme open to all companies operating in the UK. Notes that this will provide an important business opportunity that the construction industry have yet to act upon. In the scheme all participants are assigned a quantity of units to cover the level of emissions they are allowed. Discusses, in part, the BRE's response to a DETR consultation document on the scheme in 2000. BRE considered how the scheme could apply to buildings, since energy use accounts for 45% of total UK carbon dioxide emissions. Article urges construction companies to take action as the industry has been shown to be falling behind other sectors in reporting greenhouse gas emissions. | ||
| 590 | _aABS | ||
| 650 | _aCLIMATE CHANGE PROGRAMME | ||
| 650 | _aGREENHOUSE GAS EMISSIONS | ||
| 650 | _aGLOBAL WARMING | ||
| 650 | _aENVIRONMENTAL REPORTING | ||
| 650 | _aBRE | ||
| 650 | _aPENSIONS INVESTMENT RESEARCH CONSULTANTS | ||
| 650 | _aCARBON TRADING | ||
| 650 | _aDETR | ||
| 690 | _aENVIRONMENTAL AND LAND CONSULTANCY-ENERGY-ENERGY USE-ENERGY EFFICIENCY | ||
| 942 | _n0 | ||
| 999 |
_c67920 _d67920 |
||